[Event "II Duchamp Open 2018"]
[Site "Rio de Janeiro"]
[Date "2018.11.19"]
[Round "8"]
[White "Maia, Jose Eduardo Bastos"]
[Black "Dos Santos, Rodrigo Mello"]
[Result "1-0"]
[WhiteElo "2093"]
[BlackElo "1965"]
[Annotator "NA RC"]
[PlyCount "97"]
[EventDate "2018.11.14"]
[EventType "swiss"]
[EventCountry "BRA"]
[SourceTitle "playchess.com"]
[Source "ChessBase"]
[SourceQuality "1"]
[TimeControl "5400+30"]

{[%evp 9,97,7,31,-17,-6,5,-4,0,16,-10,-22,-10,-9,-21,-27,-26,-6,-16,-22,-47,-41,-56,-29,-42,-37,-31,-18,-10,0,-1,54,13,19,21,18,0,0,-4,58,27,49,21,52,59,59,78,103,97,223,210,219,107,339,341,462,211,259,207,237,262,274,296,497,420,863,918,1375,1552,1700,811,802,472,1232,508,441,522,554,631,655,650,572,476,29984,29983,29992,29993,29994,29995,29995,29996]} 1. d4 {[%emt 0:00:00]} Nf6 {[%emt 0:00:00]} 2. Nf3 {[%emt 0:00:00]} c5 {[%emt 0:00:05]} 3. c3 {[%emt 0:00:00]} b6 {[%emt 0:01:02]} 4. Bf4 {[%emt 0:00:08]} Bb7 {[%emt 0:01:11]} 5. Nbd2 {[%emt 0:00:22]} g6 {[%emt 0:00:56] LiveBook: 10 Games} 6. Qa4 {[%emt 0:05:33]} Bg7 {[%emt 0:02:08]} 7. dxc5 {[%emt 0:00:48]} bxc5 {[%emt 0:00:58]} 8. e4 {[%emt 0:00:53]} O-O {[%emt 0:01:02]} 9. Be2 {[%emt 0:05:01]} d6 {[%emt 0:10:16]} 10. O-O {[%emt 0:03:19]} Nh5 {[%emt 0:06:09]} 11. Bg5 {[%emt 0:02:01]} h6 {[%emt 0:00:45]} 12. Be3 {[%emt 0:00:19]} Nd7 {[%emt 0:00:54]} 13. Rad1 {[%emt 0:07:12]} Qc7 {[%emt 0:04:05]} 14. Nh4 {[%emt 0:04:33]} Bc6 {[%emt 0:04:19]} 15. Qc2 {[%emt 0:00:34]} Nhf6 {[%emt 0:00:56]} 16. f4 {[%emt 0:10:49]} Qb7 {[%emt 0:03:21]} 17. Bf3 {[%emt 0:12:46]} Rab8 {[%emt 0:05:24]} 18. b3 {[%emt 0:02:08]} a5 {[%emt 0:01:37]} 19. Rfe1 {[%emt 0:01:35]} a4 {[%emt 0:02:05]} 20. Bf2 {[%emt 0:00:59]} axb3 {[%emt 0:00:46]} 21. axb3 {[%emt 0:00:03]} Ne8 {[%emt 0:07:51]} 22. Rb1 {[%emt 0:12:57]} e6 {[%emt 0:13:36]} 23. Nc4 {[%emt 0:08:35]} Qc7 {[%emt 0:01:07]} (23... g5 $15 24. Na5 Qb6) 24. f5 {[%emt 0:14:39]} exf5 $1 {[%emt 0:07:10]} 25. exf5 {[%emt 0:00:17]} g5 {[%emt 0:08:06]} 26. Bxc6 {[%emt 0:00:31]} Qxc6 {[%emt 0:00:15] [#]} 27. f6 $1 {[%emt 0:00:32]} gxh4 {[%emt 0:03:23]} 28. fxg7 {[%emt 0:00:09]} Kxg7 {[%emt 0:00:38]} (28... Nxg7 $16 29. Rbd1 (29. Bxh4 d5 $16) 29... d5) 29. Ne3 {[%emt 0:01:11]} h3 {[%emt 0:03:04] [#]} 30. Bg3 {[%emt 0:01:46]} ({Inferior is} 30. gxh3 Ne5 $11) (30. Qf5 $1 $18 {and White stays clearly on top.}) 30... Rg8 $2 {[%emt 0:02:29]} (30... f5 $16) 31. Qf5 {[%emt 0:01:22]} ({Less strong is} 31. gxh3 Ne5 $14) 31... hxg2 {[%emt 0:03:01]} 32. Nd5 {[%emt 0:00:23]} (32. Qh3 $142 Nef6 33. Nf5+ Kh8 34. Nxh6 Rxg3 35. hxg3) 32... Nef6 {[%emt 0:01:17]} 33. Ne7 {[%emt 0:01:16]} Qb6 {[%emt 0:00:44]} 34. Nxg8 {[%emt 0:00:19]} Rxg8 {[%emt 0:00:09]} 35. c4 {[%emt 0:00:18]} ({Weaker is} 35. Kxg2 Kh8 $16) 35... Ra8 $2 {[%emt 0:00:42]} (35... d5 {was worth a try.} 36. cxd5 Kf8 37. Kxg2 Qb7) 36. Bh4 {[%emt 0:00:52]} Qc6 {[%emt 0:01:51]} 37. Rb2 {[%emt 0:00:24]} Ng8 {[%emt 0:02:26]} 38. Rxg2+ {[%emt 0:00:23]} Kf8 {[%emt 0:00:03]} 39. Rf2 {[%emt 0:01:42]} (39. Qg4 $142 Qxg2+ 40. Qxg2) 39... Ne5 {[%emt 0:00:44]} 40. Bg3 {[%emt 0:01:20]} Ne7 {[%emt 0:00:41]} 41. Qh5 {[%emt 0:00:41]} (41. Qh7 $142 N7g6 42. Bxe5 Nxe5 43. Rf5) 41... N7g6 {[%emt 0:00:57]} 42. Qxh6+ {[%emt 0:00:36]} Kg8 {[%emt 0:00:36]} 43. Bxe5 {[%emt 0:00:29]} dxe5 {[%emt 0:00:33]} 44. h4 {[%emt 0:01:04]} Qd7 {[%emt 0:00:53]} 45. Qg5 {[%emt 0:00:48]} Kf8 {[%emt 0:00:34]} (45... Kh7 $18 46. Rd2 Qh3) 46. Qxg6 {[%emt 0:00:22]} Ra2 {[%emt 0:00:18]} 47. Qh6+ {[%emt 0:00:25]} Kg8 {[%emt 0:00:23]} 48. Rxa2 {[%emt 0:00:25]} Qd4+ {[%emt 0:00:24]} 49. Kh1 {[%emt 0:00:27]} 1-0

[Event "II Duchamp Open 2018"]
[Site "Rio de Janeiro"]
[Date "2018.11.19"]
[Round "8"]
[White "Santos Filho, Tadeu Sousa"]
[Black "Rocha, Vitor Firmo De Souz"]
[Result "0-1"]
[WhiteElo "2078"]
[BlackElo "2174"]
[Annotator "TA"]
[PlyCount "76"]
[EventDate "2018.11.14"]
[EventType "swiss"]
[EventCountry "BRA"]
[SourceTitle "playchess.com"]
[Source "ChessBase"]
[SourceQuality "1"]

{[%evp 16,76,6,-10,0,0,0,0,10,-15,-10,-33,8,14,29,10,48,12,17,0,22,-27,0,-24,-36,-44,-32,-68,-35,-42,0,-60,-48,-45,-18,-36,-20,-121,-110,-250,-251,-258,-255,-247,-247,-433,-418,-450,-452,-442,-451,-444,-447,-489,-474,-481,-459,-431,-449,-681,-685,-765,-585]} 1. e4 c5 2. Nf3 e6 3. d3 Nc6 4. g3 d5 5. Nbd2 Nf6 6. Bg2 g6 7. O-O Bg7 8. c3 O-O 9. e5 {LiveBook: 29 Games. A08: King's Indian Attack} (9. Re1 a5 10. a4 b6 11. exd5 exd5 12. Nf1 h6 13. Bf4 Nh5 14. Ne5 Bb7 15. Nxc6 Bxc6 16. Be5 Bxe5 17. Rxe5 Qd6 {½-½ (46) Fressinet,L (2717)-Vitiugov,N (2742) Dubai 2014}) 9... Ng4 10. d4 cxd4 11. cxd4 {The position is equal.} f6 12. h3 Nh6 13. exf6 {[#]} Rxf6 $146 ({Predecessor:} 13... Qxf6 14. Nb3 Nf5 15. Bg5 Qf7 16. Bf4 a5 {0-1 (32) Mammadov,F (2119)-Sedlak,N (2573) Lienz 2013}) 14. Nb3 Qb6 15. g4 Rf8 16. Be3 Nf7 17. Qc1 Bd7 18. Qc5 Rac8 (18... Rfc8 {seems wilder.} 19. Qa3 Bf8 20. Nc5 Qc7 21. Rfe1 b6) 19. Qxb6 (19. Qa3 {with more complications.} Qd8 20. Nc5 Nd6 21. Rac1 b6 22. Nxd7 Qxd7 23. Qd3) 19... axb6 20. a3 Nd6 21. Bd2 Nb5 {[%cal Rb5d4]} 22. Be3 Nd6 23. Bd2 Nc4 $36 {[%mdl 2048] Black is pushing.} 24. Bc3 Rf4 25. Rad1 Na7 {And now ...Ba4 would win.} 26. Rc1 (26. a4 $11 {keeps the balance.}) 26... Nb5 $17 27. Ne5 (27. Rfe1 $17 {might work better.}) 27... Nxe5 $19 28. dxe5 Nxc3 29. bxc3 Bxe5 30. Nd2 $2 {[#]} (30. Nd4) 30... Rxc3 31. Rxc3 Bxc3 {Black is clearly winning.} 32. Nf3 Ra4 33. Rb1 Rxa3 34. Rxb6 Bc6 35. h4 h6 {[%cal Bh7h6,Bh6h5][%mdl 32]} 36. g5 h5 37. Kh2 (37. Rb1 $142) 37... e5 38. Bh3 Ba5 {Accuracy: White = 16%, Black = 54%.} 0-1

[Event "II Duchamp Open 2018"]
[Site "Rio de Janeiro"]
[Date "2018.11.19"]
[Round "8"]
[White "Campos, Alexandre Ferreira"]
[Black "Nascimento, Pedro Henrique Alve"]
[Result "0-1"]
[WhiteElo "2076"]
[BlackElo "2007"]
[Annotator "NA RC"]
[PlyCount "108"]
[EventDate "2018.11.14"]
[EventType "swiss"]
[EventCountry "BRA"]
[SourceTitle "playchess.com"]
[Source "ChessBase"]
[SourceQuality "1"]
[TimeControl "5400+30"]

{[%evp 8,108,9,23,0,8,8,10,8,-13,-19,-35,-38,-51,-44,-80,-48,-83,-34,-82,-71,-76,-49,-50,-34,-79,-77,-78,-35,-57,-38,-52,-27,-42,-22,-35,-18,-65,-39,-36,-14,-53,11,5,4,-20,0,0,-10,-41,-47,-34,-31,-35,-47,-100,-95,-97,-84,-192,-183,-209,-108,-120,-94,-252,-272,-620,-679,-668,-672,-693,-697,-666,-807,-1083,-962,-788,-724,-682,-832,-717,-918,-797,-970,-816,-1013,-1000,-1171,-1328,-1837,-1602,-1682,-1301,-2596,-2037,-6035,-5122,-29954,-29975,-29968,-29941,-29988]} 1. g3 {[%emt 0:00:00]} e5 {[%emt 0:01:59]} 2. c4 {[%emt 0:00:04]} Nf6 {[%emt 0:00:51]} 3. Nc3 {[%emt 0:00:13]} Bb4 {[%emt 0:00:27]} 4. Bg2 {[%emt 0:00:20]} Bxc3 {[%emt 0:02:47]} 5. bxc3 {[%emt 0:01:51]} O-O {[%emt 0:00:32]} 6. Nf3 {[%emt 0:00:13]} d6 {[%emt 0:00:34]} 7. O-O {[%emt 0:01:17]} Nc6 {[%emt 0:04:38]} 8. d4 {[%emt 0:00:17]} Re8 {[%emt 0:01:29] LiveBook: 4 Games A29: English Opening: Four Knights Variation with 4 g3} 9. Rb1 {[%emt 0:01:46]} h6 {[%emt 0:01:51]} 10. h3 $146 {[%emt 0:03:47]} ({Predecessor:} 10. dxe5 Nxe5 11. Nxe5 Rxe5 12. Bf4 Ra5 13. Qd2 Qe8 14. Bxb7 Bxb7 15. Rxb7 {½-½ (25) Raimbert,R (2426)-Sarakauskas,G (2339) ICCF email 2006}) 10... Rb8 {[%emt 0:04:35]} 11. Be3 {[%emt 0:14:46]} Bf5 {[%emt 0:07:17]} 12. Rb2 {[%emt 0:00:32]} Na5 {[%emt 0:00:47]} 13. Qa4 {[%emt 0:01:19]} b6 $1 {[%emt 0:02:02]} 14. Nd2 {[%emt 0:06:49]} Qd7 {[%emt 0:01:37]} 15. Qxd7 {[%emt 0:00:45]} Bxd7 {[%emt 0:00:31]} 16. Rfb1 Bf5 {[%emt 0:00:40]} 17. Rd1 {[%emt 0:00:59]} Be6 {[%emt 0:00:37]} 18. dxe5 {[%emt 0:00:39]} dxe5 {[%emt 0:00:35]} 19. c5 {[%emt 0:00:05]} Red8 {[%emt 0:00:42]} 20. Rc1 {[%emt 0:10:56]} Nd5 {[%emt 0:05:24]} 21. Bxd5 {[%emt 0:06:12]} Bxd5 {[%emt 0:01:15]} 22. f4 {[%emt 0:04:03]} f6 {[%emt 0:04:20]} 23. c4 {[%emt 0:09:00]} Be6 {[%emt 0:02:59]} 24. g4 {[%emt 0:00:02]} g5 {[%emt 0:04:25]} ({Black should try} 24... exf4 $15 25. Bxf4 Rbc8) 25. fxe5 {[%emt 0:02:18]} fxe5 {[%emt 0:00:16]} 26. Rbc2 {[%emt 0:01:41]} Bf7 {[%emt 0:04:33]} 27. cxb6 {[%emt 0:01:18]} axb6 {[%emt 0:01:41]} 28. c5 {[%emt 0:00:27]} b5 $1 {[%emt 0:00:23]} 29. c6 {[%emt 0:06:01]} Nc4 {[%emt 0:00:36]} 30. Nxc4 {[%emt 0:00:19]} Bxc4 {[%emt 0:00:44]} 31. a4 {[%emt 0:00:30]} (31. Rd2 $15) 31... Bb3 {[%emt 0:01:42] Double Attack} 32. Rc5 {[%emt 0:07:33]} bxa4 {[%emt 0:00:27]} 33. Rxe5 {[%emt 0:03:03] [#]} (33. Ra1 $17) 33... a3 $1 {[%emt 0:08:47]} 34. Re7 a2 {[%emt 0:04:19]} ({Black should play} 34... Re8 $19 35. Rxe8+ Rxe8) 35. Rxc7 {[%emt 0:09:54]} Bd5 {[%emt 0:09:46]} 36. Ra7 {[%emt 0:00:59]} (36. Bd4 $17 Rb1 37. Rf1 Rxf1+ 38. Kxf1 Bxc6 {[%mdl 64] Discovered Attack} 39. Bc3) 36... Rb1 {[%emt 0:01:14]} 37. c7 $2 {[%emt 0:00:19] [#]} (37. Ra5) 37... Rc8 $1 {[%emt 0:00:22]} 38. Kf2 {[%emt 0:02:48]} Rxc1 {[%emt 0:00:54]} 39. Bxc1 {[%emt 0:00:03] [#]} Rxc7 $1 {[%emt 0:00:11] Promotion} 40. Rxc7 {[%emt 0:01:51]} a1=Q {[%emt 0:00:23]} 41. Bd2 {[%emt 0:00:28]} Qf6+ {[%emt 0:00:27]} 42. Ke1 {[%emt 0:00:30]} Qe5 {[%emt 0:00:45]} 43. Rc8+ Kf7 {[%emt 0:00:22]} 44. Rc3 {[%emt 0:00:40]} Qh2 {[%emt 0:01:19]} 45. Kd1 {[%emt 0:01:09]} Qh1+ {[%emt 0:00:24]} 46. Be1 {[%emt 0:00:24]} Bg2 {[%emt 0:00:18]} 47. Rc7+ Ke6 {[%emt 0:01:02]} 48. h4 {[%emt 0:00:33]} gxh4 {[%emt 0:00:34]} 49. Rh7 {[%emt 0:00:01]} h3 {[%emt 0:01:48]} 50. Rxh6+ {[%emt 0:00:04]} Kf7 {[%emt 0:00:45]} 51. Kd2 {[%emt 0:00:19]} Bf1 {[%emt 0:00:38]} 52. g5 {[%emt 0:00:32]} Qd5+ {[%emt 0:00:43]} 53. Kc2 {[%emt 0:00:33]} Qxg5 {[%emt 0:00:35]} 54. Bd2 {[%emt 0:00:01] [#]} Qxh6 {[%emt 0:00:42]} 0-1

[Event "II Duchamp Open 2018"]
[Site "Rio de Janeiro"]
[Date "2018.11.19"]
[Round "8"]
[White "Manzi, Luiz Antonio Bardar"]
[Black "Peixoto, Rudson Marinho"]
[Result "1/2-1/2"]
[WhiteElo "2047"]
[BlackElo "2007"]
[Annotator "NA RC"]
[PlyCount "97"]
[EventDate "2018.11.14"]
[EventType "swiss"]
[EventCountry "BRA"]
[SourceTitle "playchess.com"]
[Source "ChessBase"]
[SourceQuality "1"]
[TimeControl "5400+30"]

{[%evp 8,97,15,14,23,-9,0,4,0,2,13,32767,32,29,36,45,71,10,20,23,25,33,24,44,54,61,71,73,70,39,45,32,43,30,29,23,21,25,51,23,16,0,2,0,0,0,0,0,0,0,0,0,0,0,32,29,87,8,25,-8,12,8,8,8,23,15,44,21,16,-8,-4,-8,-8,-14,0,-8,-8,-86,-120,-89,0,0,0,0,0,0,0,0,0,0,0,0]} 1. Nf3 {[%emt 0:00:00]} Nf6 {[%emt 0:06:24]} 2. b3 {[%emt 0:00:00]} g6 {[%emt 0:00:09]} 3. Bb2 {[%emt 0:00:00]} Bg7 {[%emt 0:00:07]} 4. e3 {[%emt 0:00:39]} O-O {[%emt 0:00:12]} 5. d4 {[%emt 0:00:53]} d6 {[%emt 0:00:40]} 6. Nbd2 {[%emt 0:02:40]} c5 {[%emt 0:00:12]} 7. Be2 {[%emt 0:01:30]} Nc6 {[%emt 0:00:31]} 8. O-O {[%emt 0:01:41] LiveBook: 5 Games} cxd4 {[%emt 0:00:56] A48: 1 d4 Nf6 2 Nf3 g6: Torre, London and Colle Systems} (8... Bf5 9. c4 cxd4 10. Nxd4 Bd7 11. Bf3 Qb6 12. a3 Ne5 13. Be2 Rfc8 14. Rc1 Be8 15. h3 a6 16. Rc2 Ned7 17. Qb1 e5 18. N4f3 a5 19. Ba1 Nc5 20. b4 axb4 21. axb4 Ne6 22. Rfc1 Qa7 23. c5 {½-½ (23) Ivanov,S (2322)-Kulaots,K (2570) Finland 2016}) 9. exd4 {[%emt 0:00:33]} Nh5 $146 {[%emt 0:00:57]} ({Predecessor:} 9... Bd7 10. Re1 Rc8 11. Bf1 Re8 12. Nc4 Qc7 {½-½ (20) Ernst,M (2141)-Olsson,L (1930) Hersonissos 2017}) 10. Re1 {[%emt 0:03:42]} e5 {[%emt 0:01:09]} 11. dxe5 {[%emt 0:03:23]} dxe5 {[%emt 0:00:11]} 12. Nc4 {[%emt 0:01:17]} e4 {[%emt 0:02:44]} 13. Qxd8 {[%emt 0:02:44]} Rxd8 {[%emt 0:00:45]} 14. Ng5 {[%emt 0:01:46]} Bxb2 {[%emt 0:00:31]} 15. Nxb2 {[%emt 0:00:08]} f5 {[%emt 0:02:57]} 16. Bxh5 {[%emt 0:04:27]} gxh5 {[%emt 0:00:10]} 17. Red1 {[%emt 0:01:06]} h6 {[%emt 0:00:06]} 18. Nh3 {[%emt 0:01:00]} Be6 {[%emt 0:00:10]} 19. Nf4 {[%emt 0:00:28]} Bf7 {[%emt 0:00:09]} 20. c4 {[%emt 0:02:47]} Rac8 {[%emt 0:05:13]} 21. Rxd8+ {[%emt 0:01:59]} Rxd8 {[%emt 0:00:27]} 22. Rd1 {[%emt 0:00:57]} Rxd1+ {[%emt 0:02:24]} 23. Nxd1 {[%emt 0:00:07]} Kg7 {[%emt 0:00:09]} 24. Kf1 {[%emt 0:01:47]} Kf6 {[%emt 0:00:27]} 25. Ke2 {[%emt 0:01:40]} Ke5 {[%emt 0:00:24]} 26. g3 {[%emt 0:01:31]} h4 {[%emt 0:00:11]} 27. Ke3 {[%emt 0:02:10]} hxg3 {[%emt 0:00:25]} 28. hxg3 {[%emt 0:00:09]} Nb4 {[%emt 0:00:11]} 29. Nc3 {[%emt 0:01:22]} h5 {[%emt 0:01:50]} 30. Nfe2 {[%emt 0:04:06]} h4 {[%emt 0:00:39]} 31. gxh4 {[%emt 0:01:21]} Bh5 {[%emt 0:02:02] [#]} 32. a4 {[%emt 0:09:28]} (32. Nd5 $1 $16 {[%cal Rd5b4]} Nc2+ 33. Kd2 Bxe2 34. Kxe2 (34. Kxc2 f4 $14)) 32... a6 {[%emt 0:00:40]} 33. a5 {[%emt 0:12:49]} (33. Nd5 $5 {[%cal Rd5b4]} Nc2+ 34. Kd2 Bxe2 35. Kxc2 $14 (35. Kxe2 Nd4+ 36. Kd1 Nxb3 $11)) 33... Nc6 {[%emt 0:00:55]} 34. Nf4 {[%emt 0:00:08]} Bf7 {[%emt 0:02:00]} 35. h5 {[%emt 0:03:11]} Nxa5 {[%emt 0:03:46]} 36. h6 {[%emt 0:00:08]} Bg8 {[%emt 0:00:57]} 37. Ncd5 {[%emt 0:00:15]} Bh7 {[%emt 0:01:33]} 38. Nh5 {[%emt 0:00:39]} Nxb3 {[%emt 0:01:02]} 39. Nhf6 {[%emt 0:00:37]} f4+ $1 {[%emt 0:00:33]} 40. Ke2 {[%emt 0:00:15]} Nd4+ {[%emt 0:00:49]} 41. Kf1 {[%emt 0:00:55]} Bf5 {[%emt 0:01:40] [#]} 42. h7 {[%emt 0:00:17] [#]} (42. Ng4+ $1 $11 {[%mdl 512] keeps the balance.} Ke6 (42... Bxg4 43. h7) 43. Nxf4+ Kf7 44. Ne3) 42... Bxh7 $1 {[%emt 0:00:21]} 43. Nxh7 {[%emt 0:00:06] [#]} b5 {[%emt 0:00:06]} (43... Ne6 $1 $17 44. Nhf6 Kd4) 44. cxb5 {[%emt 0:01:41]} axb5 {[%emt 0:00:30]} 45. Nb4 {[%emt 0:01:06]} Ne6 {[%emt 0:00:21]} 46. Ke2 {[%emt 0:00:30]} Kd6 {[%emt 0:00:20]} 47. Nf6 {[%emt 0:00:19]} Kc5 {[%emt 0:00:56]} 48. Nc2 {[%emt 0:00:26]} Nd4+ {[%emt 0:00:43]} 49. Kd2 $11 {[%emt 0:01:31]} 1/2-1/2

[Event "II Duchamp Open 2018"]
[Site "Rio de Janeiro"]
[Date "2018.11.19"]
[Round "8"]
[White "Brito, Vicente De Paulo Al"]
[Black "Ferreira, Kleber Victor"]
[Result "1/2-1/2"]
[WhiteElo "2044"]
[BlackElo "2053"]
[Annotator "NA RC"]
[PlyCount "84"]
[EventDate "2018.11.14"]
[EventType "swiss"]
[EventCountry "BRA"]
[SourceTitle "playchess.com"]
[Source "ChessBase"]
[SourceQuality "1"]
[TimeControl "5400+30"]

{[%evp 8,84,-14,0,-5,-24,-1,0,18,0,9,0,8,1,15,-3,16,0,10,20,29,20,47,24,21,-20,10,-22,-16,-51,-23,-23,-11,-37,0,0,0,0,33,-70,-74,-44,-22,-72,-66,-70,-60,-58,-30,-44,0,0,0,-63,-26,-174,-63,-64,-7,-8,-8,-8,-7,-8,-7,-7,-8,-7,0,0,-2,0,0,0,0,0,8,0,0]} 1. e4 {[%emt 0:00:00]} e5 {[%emt 0:00:00]} 2. Bc4 {[%emt 0:00:54]} Nc6 {[%emt 0:01:13]} 3. Nf3 {[%emt 0:00:20]} Nf6 {[%emt 0:00:07]} 4. d4 {[%emt 0:00:41]} exd4 {[%emt 0:00:15]} 5. e5 {[%emt 0:00:26]} d5 {[%emt 0:00:33]} 6. Bb5 {[%emt 0:00:20]} Ne4 {[%emt 0:00:13]} 7. Nxd4 {[%emt 0:00:14]} Bd7 {[%emt 0:00:47]} 8. Bxc6 {[%emt 0:00:27]} bxc6 {[%emt 0:00:04]} 9. O-O {[%emt 0:00:55]} Bc5 {[%emt 0:04:51]} 10. f3 {[%emt 0:01:01]} Ng5 {[%emt 0:01:02]} 11. Be3 {[%emt 0:00:19]} O-O {[%emt 0:01:46]} 12. f4 {[%emt 0:00:35]} Ne4 {[%emt 0:00:51]} 13. Nd2 {[%emt 0:00:43]} Nxd2 {[%emt 0:01:39]} 14. Qxd2 {[%emt 0:00:04]} f6 {[%emt 0:02:55] LiveBook: 32 Games} 15. b4 {[%emt 0:10:30] C56: Two Knights: 4 d4 exd4 5 0-0 Nxe4} (15. Nb3 Bb6 16. Bc5 fxe5 17. fxe5 Qh4 18. Kh1 Rxf1+ 19. Rxf1 Re8 20. Qe3 h6 21. Qf3 Qg4 22. Qf7+ Kh7 {0-1 (76) Socko,B (2604)-Ernst,T (2368) Sweden 2017}) 15... Bb6 {[%emt 0:04:45]} 16. Nb3 {[%emt 0:10:36]} Qe7 {[%emt 0:09:14]} 17. Rae1 {[%emt 0:04:48]} fxe5 $146 {[%emt 0:02:59]} ({Predecessor:} 17... Rae8 18. Bc5 fxe5 19. Rxe5 Qf7 20. Qe2 Qg6 21. Kh1 Bg4 22. Qe3 Rxe5 23. Qxe5 {½-½ (58) Baldursson,R (1890)-Nielsen,T (2109) Faroe Islands 2012}) 18. Bxb6 {[%emt 0:09:20]} axb6 {[%emt 0:00:43]} 19. Rxe5 {[%emt 0:00:36]} Qf6 {[%emt 0:01:22]} 20. c3 {[%emt 0:04:53]} Rf7 {[%emt 0:05:28]} 21. g3 {[%emt 0:09:55]} Bh3 {[%emt 0:05:31]} 22. Rfe1 {[%emt 0:01:27]} Raf8 {[%emt 0:00:29]} 23. Re8 {[%emt 0:02:21]} ({White should try} 23. Nd4 $14) 23... g5 $1 {[%emt 0:05:31]} 24. Rxf8+ {[%emt 0:03:07]} Rxf8 {[%emt 0:00:32]} 25. Qd4 {[%emt 0:16:18]} gxf4 {[%emt 0:00:44]} 26. Qxf6 {[%emt 0:01:05]} Rxf6 {[%emt 0:00:07]} 27. Kf2 {[%emt 0:03:30]} fxg3+ {[%emt 0:07:36]} 28. Kxg3 {[%emt 0:00:02]} Bf5 {[%emt 0:04:29]} 29. Re7 {[%emt 0:02:37]} Rf7 {[%emt 0:02:23]} 30. Rxf7 {[%emt 0:04:04]} (30. Re8+ $11 Kg7 31. a4) 30... Kxf7 {[%emt 0:00:02]} 31. a4 $2 {[%emt 0:01:27]} (31. Nd4 $11 {and White is okay.} Bd7 32. Kf4) 31... Bc8 {[%emt 0:07:05]} (31... Bc2 $19 32. Nd2 Bxa4) 32. Nd4 {[%emt 0:05:45]} c5 {[%emt 0:05:13]} 33. bxc5 $1 {[%emt 0:00:26]} bxc5 {[%emt 0:00:44]} 34. Nb5 {[%emt 0:04:34]} Bd7 {[%emt 0:09:57]} 35. Nxc7 {[%emt 0:00:37]} Bxa4 {[%emt 0:00:29]} 36. Nxd5 {[%emt 0:00:03]} Ke6 {[%emt 0:00:53]} 37. Nf4+ {[%emt 0:01:29]} Ke5 {[%emt 0:01:47]} 38. Kf3 {[%emt 0:00:04]} Bc6+ {[%emt 0:05:12]} 39. Ke3 {[%emt 0:00:08]} c4 {[%emt 0:02:58]} 40. Ne2 {[%emt 0:00:51]} h6 {[%emt 0:02:02]} 41. Nd4 {[%emt 0:00:42]} Be8 $11 {[%emt 0:01:46]} 42. Ne2 {[%emt 0:00:39]} h5 1/2-1/2